LIBRARY & INFORMATION CENTRE, KCAET, TAVANUR

ONLINE PUBLIC ACCESS CATALOGUE (OPAC)

Report of the evaluation committee / (Record no. 1872)

MARC details
000 -LEADER
fixed length control field 01232cam a2200169ua 4500
041 ## - LANGUAGE CODE
Language code of text/sound track or separate title eng
082 ## - DEWEY DECIMAL CLASSIFICATION NUMBER
Classification number 307.72
Item number KHA/RE
245 ## - TITLE STATEMENT
Title Report of the evaluation committee /
260 ## - PUBLICATION, DISTRIBUTION, ETC. (IMPRINT)
Place of publication Mumbai :
Name of publisher Khadi and Village Industries Commission ,
Year of publication 1958.
300 ## - PHYSICAL DESCRIPTION
Number of Pages 219 ; .
942 ## - ADDED ENTRY ELEMENTS (KOHA)
Koha item type Books
Holdings
Withdrawn status Lost status Damaged status Home library Current library Date acquired Full call number Accession Number Koha item type
Withdrawn     KAUAET KAUAET 07/04/2012 307.72 8574 Books
free website counter